000 02847nam0a2200433 4500
001 RU\NLR\BIBL_A\016269832
005 20260419211456.0
010 _959
021 _aRU
_bКН-П-22-090201
_9КН-П-22-8021
035 _a(NLR Aleph) 016269832
035 _a(RuMoRGB)011488518
090 _a13658495
_c13658495
100 _a20230126d2022 k y0rusy50 ca
101 0 _arus
_deng
102 _aRU
105 _aa|||z|||010zy
181 0 _ai
_baxxe
182 0 _an
200 1 _aО точности квадратурных формул для вычисления решения задачи о распаде гауссового импульса
_fП. А. Бахвалов
203 _aТекст
_bвизуальный
_cнепосредственный
210 _aМосква
_cИПМ им. М. В. Келдыша РАН
_d2022
215 _a44 с.
_cил.
_d21
225 1 _aПрепринты ИПМ им. М. В. Келдыша
_dKeldysh institute preprints
_fгл. ред.: Б. Н. Четверушкин, акад. РАН
_zeng
225 1 _aПрепринт
_fИн-т приклад. математики им. М. В. Келдыша Рос. акад. наук
_x2071-2898
_v№ 75 за 2022 г.
300 _aРез. англ.
300 _aНа обл.: Рос. акад. наук, 300 лет
320 _aБиблиогр.: с. 43-44 (13 назв.)
330 _aВ статье рассматривается задача о распространении волны в свободном пространстве от начального импульса в форме гауссиана для двумерного волнового уравнения. Решение этой задачи выражается в интегральном виде. Ранее предложенный алгоритм вычисления интегралов оптимизируется за счёт использования более точных оценок погрешности квадратурных формул
606 _aВолны
_xРаспространение
_xТеория
_xМатематические методы
_2nlr_sh1
_2nlr_sh2
_3RU\NLR\AUTH\66270381
606 1 _aВолновые уравнения
_xРешение
_xЧисленные методы
_2nlr_sh1
_2nlr_sh2
_3RU\NLR\AUTH\66228774
606 1 _aГаусса квадратуры
_xПогрешность
_xОценка
_2nlr_sh2
_3RU\NLR\AUTH\6601746405
675 _a519.6
_v4
686 1 _aВ192.151
686 1 _aВ192.162.21
700 1 _aБахвалов
_bП. А.
_cканд. физ.-мат. наук, мат. моделирование
_gПавел Алексеевич
_3RU\NLR\AUTH\770230090
942 _cBOOK
980 _aNB